000 00526nam a2200193Ia 4500
005 20250317130610.0
008 008 250317s9999 xx 000 0 eng d
020 _a1-55542-187-3
037 _aTextbook
040 _aFMSL
_beng
_cFMSL
041 _aeng
_2eng
084 _aX:87 N0
_qFMSL
100 _aHackman J Richard
245 0 _aGroups that work
260 _aUSA Oxford
_bUSA Oxford, Jossey Bass.
_c1990
300 _a512p
942 _cTB
_hX:87 N0
999 _c1264469
_d1264469